000 00388nam a22001337a 4500
999 _c533826
_d533826
020 _a0812928873
040 _cMSOHAIL
082 _a973.924092
100 _aLeonard Garment
_927832
245 _aCrazy Rhythm: My Journey from Brooklyn, Jazz, and Wall Street to Nixon's White House, Watergate, and Beyond
260 _aUSA
_bDA Capo Press
_cc2001
300 _a434;pxv
942 _2ddc
_cBK